LEADER 02388nam 2200577Ia 450 001 9910140791003321 005 20170815171453.0 010 $a1-118-21599-0 010 $a1-282-77288-0 010 $a9786612772887 010 $a0-470-43187-3 010 $a0-470-43184-9 035 $a(CKB)2670000000044315 035 $a(EBL)588923 035 $a(OCoLC)699474266 035 $a(SSID)ssj0000439587 035 $a(PQKBManifestationID)11925759 035 $a(PQKBTitleCode)TC0000439587 035 $a(PQKBWorkID)10464411 035 $a(PQKB)11583755 035 $a(MiAaPQ)EBC588923 035 $a(EXLCZ)992670000000044315 100 $a20080623d2009 uy 0 101 0 $aeng 135 $aur|n|---||||| 181 $ctxt 182 $cc 183 $acr 200 10$aMicrochemical engineering in practice$b[electronic resource] /$fThomas R. Dietrich 210 $aHoboken, N.J. $cWiley$dc2009 215 $a1 online resource (509 p.) 300 $aDescription based upon print version of record. 311 $a0-470-23956-5 320 $aIncludes bibliographical references and index. 327 $aMicrochemical Engineering in Practice; CONTENTS; PREFACE; CONTRIBUTORS; I INTRODUCTION; II MICROFLUIDIC METHODS; III PERIPHERIC EQUIPMENT; IV MICROREACTION PLANTS; V APPLICATIONS; INDEX 330 $aMicrochemical Engineering in Practice provides the information chemists and engineers need to evaluate the use of microreactors, covering the technical, operational, and economic considerations for various applications. It explains the systems needed to use microreactors in production and presents examples of microreactor use in different chemistries, including larger scale production processes. There are guidelines on calculating the costs and the risks of production using continuous flow microreactors. Complete with case studies, this is an essential guide for chemists and engineers i 606 $aMicroreactors 606 $aMicrochemistry 608 $aElectronic books. 615 0$aMicroreactors. 615 0$aMicrochemistry. 676 $a660.2832 676 $a660/.2832 700 $aDietrich$b Thomas R.$f1963-$0924261 801 0$bMiAaPQ 801 1$bMiAaPQ 801 2$bMiAaPQ 906 $aBOOK 912 $a9910140791003321 996 $aMicrochemical engineering in practice$92074127 997 $aUNINA LEADER 02422nam0 22004933i 450 001 VAN00189611 005 20240806101126.633 017 70$2N$a9783319457840 100 $a20210721d2017 |0itac50 ba 101 $aeng 102 $aCH 105 $a|||| ||||| 200 1 $aLieb-Robinson Bounds for Multi-Commutators and Applications to Response Theory$fJ.-B. Bru, W. de Siqueira Pedra 210 $aCham$cSpringer$d2017 215 $avii, 109 p.$d24 cm 410 1$1001VAN00104274$12001 $aSpringerBriefs in Mathematical Physics$1210 $aBerlin [etc.]$cSpringer$d2014-$v13 500 1$3VAN00189614$aLieb-Robinson Bounds for Multi-Commutators and Applications to Response Theory$91831896 606 $a34G10$xLinear differential equations in abstract spaces [MSC 2020]$3VANC024588$2MF 606 $a47D06$xOne-parameter semigroups and linear evolution equations [MSC 2020]$3VANC020305$2MF 606 $a58D25$xEquations in function spaces; evolution equations [MSC 2020]$3VANC021778$2MF 606 $a82Cxx$xTime-dependent statistical mechanics (dynamic and nonequilibrium) [MSC 2020]$3VANC025543$2MF 610 $aAC-conductivity measure$9KW:K 610 $aConstructive Quantum Field Theory$9KW:K 610 $aFermion Fock spaces$9KW:K 610 $aInteracting fermions$9KW:K 610 $aLattice Fermi$9KW:K 610 $aMinimally connected graph$9KW:K 610 $aParamagnetic conductivity$9KW:K 610 $aPerturbed autonomous dynamics$9KW:K 610 $aQuantum spin systems$9KW:K 610 $aQuantum spins on lattices$9KW:K 610 $aRepresentation Theory$9KW:K 620 $aCH$dCham$3VANL001889 700 1$aBru$bJean-Bernard$3VANV168729$0823048 701 1$ade Siqueira Pedra$bWalter$3VANV168730$0823049 712 $aSpringer $3VANV108073$4650 801 $aIT$bSOL$c20250131$gRICA 856 4 $uhttp://doi.org/10.1007/978-3-319-45784-0$zE-book ? Accesso al full-text attraverso riconoscimento IP di Ateneo, proxy e/o Shibboleth 899 $aBIBLIOTECA DEL DIPARTIMENTO DI MATEMATICA E FISICA$1IT-CE0120$2VAN08 912 $fN 912 $aVAN00189611 950 $aBIBLIOTECA DEL DIPARTIMENTO DI MATEMATICA E FISICA$d08DLOAD e-book 3171 $e08eMF3171 20210721 996 $aLieb-Robinson Bounds for Multi-Commutators and Applications to Response Theory$91831896 997 $aUNICAMPANIA